000 00756nam a2200253Ia 4500
003 OSt
005 20220918171502.0
006 a|||||r|||| 00| 0
007 ta
008 220917b |||||||| |||| 00| 0 eng d
020 _a9781844652358 (pbk)
_c1102.06
024 _a246,316
037 _b146, 11/03/2011, Om Book Distributors
_cTextual
040 _aARTS
_cARTS
_beng
041 _2eng
_aeng
082 _aR3xN26:g, Q1
100 _aTaylor Dianna Ed.
_936908
245 0 _aMichel foucault
_b Key concept
260 _aDurham
_bAcumen UK
_c2011
300 _aviii, 199p.
_ccm.
650 _aPHILOSOPHY
942 _hR3xN26:g, Q1
_cTEXL
_2CC
999 _c139796
_d139796